K niektorým otázkam úpravy deľby moci v Ústave Slovenskej republiky

Podrobná bibliografia
Hlavný autor: Nikodým, Dušan, 1929- (Autor)
Médium: Článok
Jazyk:slovenčina
Predmet:

MARC

LEADER 00000nab a2200000 a 4500
001 vtls000523239
003 SK-MaSNL
005 20260304090224.0
008 250425c1994 xo 0 slo
015 |a SNBRB19rr/mm-uuuuu 
035 |a CL0523377 
035 |a urn:nbn:sk:snk-ab291f 
035 |a (urnnbn)urn:nbn:sk:snk:ar-a01yzv 
035 |a (uuid)8d610ee0-7ce4-49ab-a706-372dfc2e8a3e 
040 |a SNKBUCL  |b slo  |c SNKBUCL  |e AACR2 
041 0 |a slo 
044 |a xo  |c SK 
080 |a 342.4(437.6)  |2 1981 
100 1 |a Nikodým, Dušan,  |d 1929-  |4 aut  |9 13325 
245 1 0 |a K niektorým otázkam úpravy deľby moci v Ústave Slovenskej republiky  |c Dušan Nikodým 
650 0 7 |a Ústava Slovenskej republiky  |2 snkbucl  |9 499021 
655 7 |a články z novín a časopisov  |2 snkbucl  |9 267496 
773 0 |t Právny obzor  |g Roč. 77, č. 3 (1994), s. 271-275 
850 |a Slovenská národná knižnica 
852 |a Slovenská národná knižnica 
954 |a odborná, vedecká literatúra pôvodná (slovenská)  |2 lita 
958 |a article27 
958 |a RK 
958 |a OND 
958 |a EUIPO 
992 |a RBX 
999 |c 2810769  |d 2812699